000 01254nam a2200265Ia 4500
003 OSt
005 20210915165530.0
008 210310s2007 ck ad gr 000 0 spa d
020 _a9588025803
040 _aCO-JMCR
_cCO-JMCR
041 0 _aspa
082 0 4 _a338.9861 /
_bD419a
_223
110 2 _aColombia.
_bDepartamento Nacional de Planeación
_940504
245 1 0 _aAprovechar el territorio marino- costero en forma eficiente y sostenible :
_bpropuesta para discusión /
_cDepartamento Nacional de Planeación, Dirección de Desarrollo Territorial Sostenible
260 _aBogotá :
_bDepartamento Nacional de Planeación,
_c2007.
300 _a101 páginas :
_bilustraciones y gráficas en blanco y negro ;
_c28 cm.
490 0 _aVisión Colombia II Centenario 2019.
500 _aIncluye índice.
505 0 _aDe dónde venimos y dónde vamos. -- Características socioeconómicas de los territorios. -- Principales actividades económicas de las zonas costeras. -- Metas y acciones.
650 1 4 _aTerritorios costeros
_veconomía
_940505
650 2 4 _aActividades económicas
_vAgropecuarias
_940506
650 2 4 _aZonas costeras
_940507
710 1 _aDirección de Desarrollo Territorial Sostenible
_eautor
_940508
942 _2ddc
_cBK
999 _c12443
_d12443